000 00795cam a22002651 4500
001 28145
003 BD-RjUL
005 20211209051238.0
008 140329s1923 enkf 001 0 eng d
035 _a(BD-RjUL)28226
035 _a(OCoLC)2452460
040 _aDLC
_cUU
_dUU
_dOCoLC
_dDLC
_dBD-RjUL
_beng
041 _aeng
082 0 0 _a964
_bCOP 1923
100 1 _aConway, William Martin Conway,
_d1856-1937.
_986244
245 1 0 _aPalestine and Morocco :
_blands of the overlap /
_cby Sir Martin Conway ...
260 _aLondon :
_bE. Arnold & Co.,
_c1923.
300 _avii, [1], 296 p. :
_bill. ;
_c23 cm.
650 0 _aJews
_xRestoration.
_984396
651 0 _aPalestine.
_986245
651 0 _aMorocco.
_986246
942 _2ddc
_cBK
999 _c28145
_d28145